[Event "London Classic Open 2016"]
[Site "London ENG"]
[Date "2016.12.14"]
[Round "7.25"]
[White "Ronka, Erik"]
[Black "Elsness, Frode"]
[Result "0-1"]
[BlackTitle "IM"]
[WhiteElo "2262"]
[BlackElo "2452"]
[WhiteFideId "505080"]
[BlackFideId "1501100"]
[EventDate "2016.12.09"]

1. d4 Nf6 2. Nf3 d5 3. c4 e6 4. Nc3 Be7 5. Bf4 O-O 6. Rc1 c6 7. e3 Nbd7 8. h3 b6
9. cxd5 exd5 10. Bd3 Bb7 11. O-O Re8 12. Bh2 Bf8 13. Qe2 a6 14. Rfd1 g6 15. Qc2
c5 16. dxc5 bxc5 17. Be2 Bc6 18. a3 Qb6 19. b4 cxb4 20. axb4 Bxb4 21. Na2 Bc5
22. Nd4 Rec8 23. Nxc6 Qxc6 24. Bf3 Qe6 25. Qb2 Bd6 26. Bxd6 Rxc1 27. Qxc1 Qxd6
28. Nc3 Nb6 29. Nxd5 Nfxd5 30. e4 Rc8 31. Qa1 a5 32. exd5 a4 33. g3 a3 34. Rd3
Ra8 35. Qa2 Nc4 36. Kg2 Ne5 37. Re3 h5 38. Be2 Nd7 39. Rc3 Qb4 40. Rc7 Qb2 41.
Bc4 Rd8 42. d6 Qf6 43. Qxa3 Ne5 44. Ba2 Rxd6 45. Qe3 Kg7 46. Rc5 Nd7 47. Rc4 Qb2
48. Qc3+ Qxc3 49. Rxc3 Rd2 50. Bb3 Ne5 51. Rc7 h4 52. gxh4 Rd4 53. Re7 Kf6 54.
Rb7 Rxh4 55. Kg3 Rd4 56. Rb6+ Kf5 57. Rb5 f6 58. Kg2 Kf4 59. Rb6 f5 60. Bg8 Kg5
61. Bh7 Kh6 62. Re6 Nd3 63. Re7 Rd8 64. h4 Rh8 65. Rd7 Nf4+ 66. Kf3 Nh5 67. Bxg6
Kxg6 68. Rd6+ Nf6 69. Kg3 Rf8 70. h5+ Kxh5 71. Kf4 Kg6 72. f3 Ra8 73. Rc6 Ra4+
74. Ke5 Kg5 75. Rc1 Ra5+ 76. Ke6 Ra6+ 77. Ke5 Nd7+ 0-1

[Event "London Classic Open 2016"]
[Site "London ENG"]
[Date "2016.12.14"]
[Round "7.26"]
[White "Nasuta, Grzegorz"]
[Black "Peiris, T G M"]
[Result "1-0"]
[WhiteTitle "IM"]
[WhiteElo "2448"]
[BlackElo "2134"]
[WhiteFideId "1141686"]
[BlackFideId "9901310"]
[EventDate "2016.12.09"]

1. e4 e5 2. Nf3 Nc6 3. Bc4 Bc5 4. O-O d6 5. c3 Nf6 6. d3 O-O 7. h3 a6 8. Re1 h6
9. Bb3 Ba7 10. Nbd2 Ne7 11. Nf1 Ng6 12. d4 Bd7 13. Ng3 c5 14. Nf5 Be6 15. dxe5
dxe5 16. Bxe6 fxe6 17. Qb3 Qe8 18. Nd6 Qe7 19. Nc4 Qc7 20. a4 b5 21. axb5 axb5
22. Qxb5 Rfb8 23. Qa6 Bb6 24. Qxa8 Rxa8 25. Rxa8+ Kh7 26. Be3 Qb7 27. Rea1 Bc7
28. R8a7 Qc6 29. Nfd2 Nxe4 30. Rxc7 Qxc7 31. Nxe4 Nh4 32. f3 Qb8 33. Bf2 Nf5 34.
Bxc5 Qb5 35. Ncd2 Qxb2 36. Ra7 h5 37. Bf2 Qc1+ 38. Kh2 Nd6 39. Nxd6 Qxd2 40. Ne4
Qf4+ 41. Bg3 1-0

[Event "London Classic Open 2016"]
[Site "London ENG"]
[Date "2016.12.14"]
[Round "7.27"]
[White "Ethelontis, Alexandros N"]
[Black "Arkell, Keith C"]
[Result "1/2-1/2"]
[BlackTitle "GM"]
[WhiteElo "2133"]
[BlackElo "2447"]
[WhiteFideId "405469"]
[BlackFideId "400270"]
[EventDate "2016.12.09"]

1. d4 Nf6 2. Nf3 c5 3. e3 cxd4 4. exd4 d5 5. Bd3 Nc6 6. c3 Bg4 7. O-O e6 8. Bf4
Bd6 9. Bxd6 Qxd6 10. Nbd2 O-O 11. Re1 Qc7 12. h3 Bh5 13. Nf1 Bg6 14. Ng3 Bxd3
15. Qxd3 Rab8 16. Rac1 b5 17. Ne5 Nxe5 18. dxe5 Nd7 19. Qe3 Rfc8 20. Nh5 Qd8 21.
Qg3 g6 22. a3 a5 23. Red1 Qc7 24. f4 Qd8 25. Qg4 Rc4 26. Rd4 Kh8 27. Ng3 Qb6 28.
Rd1 b4 29. axb4 axb4 30. Kh2 Rxd4 31. cxd4 Rc8 32. Qe2 b3 33. Rd2 Rc1 34. Qd3
Qb4 35. Ne2 Rc6 36. Nc3 Nb6 37. Rf2 Rc4 38. Rd2 Na4 39. Nd1 Rc1 40. Ne3 Rb1 41.
Nd1 Nb6 42. Nc3 Ra1 43. Rf2 Qc4 44. Rf3 Ra5 45. g4 Ra1 46. Kg3 Rg1+ 47. Kf2 Rc1
48. Kg3 Rc2 49. Qe3 Qb4 50. f5 gxf5 51. Qg5 Qf8 52. Qf6+ Kg8 53. Qg5+ Kh8 54.
Qf6+ Kg8 55. Qg5+ 1/2-1/2

[Event "London Classic Open 2016"]
[Site "London ENG"]
[Date "2016.12.14"]
[Round "7.28"]
[White "Abrahams, Daniel"]
[Black "Hawkins, Jonathan"]
[Result "0-1"]
[BlackTitle "GM"]
[WhiteElo "2071"]
[BlackElo "2590"]
[WhiteFideId "2606879"]
[BlackFideId "412686"]
[EventDate "2016.12.09"]

1. c4 f5 2. Nc3 Nf6 3. g3 g6 4. Bg2 Bg7 5. d3 O-O 6. e4 fxe4 7. dxe4 d6 8. Nge2
c5 9. h3 Nc6 10. Be3 e5 11. Qd2 Be6 12. Nd5 Nd4 13. Bg5 Qd7 14. Nec3 Bxd5 15.
Nxd5 Nxd5 16. cxd5 Qb5 17. Be3 Qa6 18. h4 h6 19. Bxd4 exd4 20. Bh3 Kh8 21. h5 g5
22. f4 d3 23. O-O gxf4 24. Rxf4 Rxf4 25. Qxf4 Qb6 26. Rf1 Rf8 27. Bf5 Qxb2 28.
Qg4 Bd4+ 29. Kh1 Rf6 30. e5 Qe2 31. Qh3 d2 32. exf6 d1=Q 33. Bd3 Qf3+ 0-1

[Event "London Classic Open 2016"]
[Site "London ENG"]
[Date "2016.12.14"]
[Round "7.29"]
[White "Chan, Kim Yew"]
[Black "Adair, James R"]
[Result "0-1"]
[BlackTitle "IM"]
[WhiteElo "2231"]
[BlackElo "2489"]
[WhiteFideId "5717981"]
[BlackFideId "406252"]
[EventDate "2016.12.09"]

1. Nf3 c5 2. c4 Nc6 3. d4 cxd4 4. Nxd4 Nf6 5. g3 e5 6. Nb5 Bb4+ 7. N1c3 d6 8. a3
Bxc3+ 9. Nxc3 Be6 10. Qd3 Rc8 11. Bg5 Nd4 12. Bxf6 Qxf6 13. b3 d5 14. cxd5 e4
15. Nxe4 Nc2+ 16. Kd2 Qxa1 17. Nd6+ Ke7 18. Nxc8+ Rxc8 19. Bg2 Qb2 20. d6+ Kf8
21. d7 Nb4+ 22. Ke3 Nxd3 23. dxc8=Q+ Bxc8 24. exd3 Qxb3 25. Rc1 Bf5 26. Be4 Bxe4
27. Kxe4 Ke7 28. Rc7+ Kd6 0-1

[Event "London Classic Open 2016"]
[Site "London ENG"]
[Date "2016.12.14"]
[Round "7.31"]
[White "Boel, Marcel"]
[Black "Cherniaev, Alexander"]
[Result "0-1"]
[BlackTitle "GM"]
[WhiteElo "2219"]
[BlackElo "2439"]
[WhiteFideId "1008870"]
[BlackFideId "4117301"]
[EventDate "2016.12.09"]

1. e4 e5 2. Nf3 Nc6 3. Bb5 a6 4. Ba4 Nge7 5. c3 d6 6. h3 b5 7. Bc2 g6 8. O-O Bg7
9. a4 b4 10. d4 exd4 11. cxd4 O-O 12. d5 Na5 13. Nbd2 c5 14. dxc6 Nexc6 15. Nb3
Bb7 16. Bg5 Qc7 17. Rb1 Nc4 18. Qc1 Rfc8 19. Nbd2 N6a5 20. Bd3 Nxb2 21. Qxc7
Rxc7 22. Be2 Bc3 23. Bf4 Rc6 24. Bd1 Nxd1 25. Rfxd1 Re8 26. Nh2 Bc8 27. Ng4 Be6
28. Ne3 Ba2 29. Nd5 Bxb1 30. Nxb1 Re6 31. Rd3 Be5 32. Bd2 b3 33. f4 Bg7 34. Kh2
Rc5 35. e5 Nc6 36. exd6 Rxd6 37. Ne7+ Kf8 38. Rxd6 Kxe7 39. Rd3 b2 40. Rb3 Rc1 0-1

[Event "London Classic Open 2016"]
[Site "London ENG"]
[Date "2016.12.14"]
[Round "7.32"]
[White "Wells, Peter K"]
[Black "Taylor, Adam C"]
[Result "1-0"]
[WhiteTitle "GM"]
[BlackTitle "FM"]
[WhiteElo "2431"]
[BlackElo "2212"]
[WhiteFideId "400327"]
[BlackFideId "424668"]
[EventDate "2016.12.09"]

1. d4 Nf6 2. Nf3 d5 3. c4 e6 4. g3 Be7 5. Bg2 O-O 6. O-O dxc4 7. Qc2 b5 8. a4 b4
9. Nfd2 c6 10. Nxc4 Nd5 11. Rd1 Nd7 12. e4 b3 13. Qxb3 Rb8 14. Qf3 Nb4 15. Nba3
Nf6 16. Bf4 Rb7 17. Qc3 a5 18. Nc2 Bd7 19. Nxb4 Bxb4 20. Qc2 Qa8 21. Ne5 Rc8 22.
Nd3 Qa7 23. Nc5 Rb6 24. h3 Be8 25. Rac1 Nd7 26. Nd3 c5 27. dxc5 Nxc5 28. Nxb4
axb4 29. Be3 Rbc6 30. b3 Qa6 31. Bf1 Nd3 32. Qxd3 1-0

[Event "London Classic Open 2016"]
[Site "London ENG"]
[Date "2016.12.14"]
[Round "7.33"]
[White "Pert, Richard G"]
[Black "Brooks, Phil J"]
[Result "0-1"]
[WhiteTitle "IM"]
[WhiteElo "2423"]
[BlackElo "2163"]
[WhiteFideId "404748"]
[BlackFideId "405540"]
[EventDate "2016.12.09"]

1. d4 e6 2. Nf3 d5 3. Bf4 c5 4. e3 Nc6 5. c3 Bd6 6. Bg3 Bxg3 7. hxg3 Qb6 8. Qc2
Nf6 9. Nbd2 Bd7 10. Bd3 h6 11. Rb1 Rc8 12. Qd1 Ne7 13. Ne5 Bb5 14. c4 dxc4 15.
Ndxc4 Bxc4 16. Nxc4 Qb4+ 17. Kf1 cxd4 18. a3 Qc5 19. exd4 Qd5 20. Ne3 Qd6 21.
Bb5+ Nc6 22. Ng4 Nxg4 23. Qxg4 Kf8 24. Bxc6 Qxc6 25. Kg1 Rd8 26. Rh5 g6 27. Rc5
Qd6 28. Rd1 Kg7 29. b4 b6 30. Re5 Rd7 31. Qe2 Rhd8 32. Rd3 Qc6 33. Qe3 Rd5 34.
Re4 Rc8 35. Qf3 Rf5 36. Rf4 Qxf3 37. Rfxf3 Rc1+ 38. Kh2 Rh5# 0-1

[Event "London Classic Open 2016"]
[Site "London ENG"]
[Date "2016.12.14"]
[Round "7.34"]
[White "Cumming, Rhys"]
[Black "Houska, Jovanka"]
[Result "1/2-1/2"]
[BlackTitle "IM"]
[WhiteElo "2156"]
[BlackElo "2397"]
[WhiteFideId "470163"]
[BlackFideId "405094"]
[EventDate "2016.12.09"]

1. e4 c6 2. d4 d5 3. Nd2 h6 4. Ngf3 dxe4 5. Nxe4 Bf5 6. Nc5 b6 7. Bd3 Bxd3 8.
Nxd3 Nf6 9. Qe2 e6 10. Bf4 Be7 11. O-O-O Nbd7 12. Kb1 Qc8 13. Nfe5 c5 14. Nxd7
Qxd7 15. Ne5 Qb7 16. Qb5+ Kf8 17. dxc5 Bxc5 18. Nd7+ Nxd7 19. Rxd7 Qxg2 20. Rhd1
Qe4 21. Rd8+ Ke7 22. R8d7+ Kf8 23. Rd8+ Ke7 24. R8d7+ 1/2-1/2

[Event "London Classic Open 2016"]
[Site "London ENG"]
[Date "2016.12.14"]
[Round "7.35"]
[White "Kalavannan, Koby"]
[Black "Soumya, Swaminathan"]
[Result "0-1"]
[BlackTitle "WGM"]
[WhiteElo "2163"]
[BlackElo "2384"]
[WhiteFideId "425753"]
[BlackFideId "5016193"]
[EventDate "2016.12.09"]

1. d4 d5 2. Nf3 Nf6 3. c4 c6 4. Qc2 dxc4 5. Qxc4 Bg4 6. Nc3 Nbd7 7. e4 Bxf3 8.
gxf3 e5 9. Be3 exd4 10. Qxd4 Bc5 11. Qd2 Qe7 12. Bxc5 Nxc5 13. O-O-O O-O 14. Qd6
Qxd6 15. Rxd6 Rad8 16. Rd2 Nh5 17. b4 Ne6 18. Bc4 Rxd2 19. Kxd2 Nd4 20. Ke3 Nc2+
21. Kd2 Nxb4 22. Rb1 a5 23. a3 Rd8+ 24. Kc1 Nd3+ 25. Bxd3 Rxd3 26. Rxb7 g6 27.
Kc2 Rxf3 28. Ra7 Rxf2+ 29. Kb3 Rxh2 30. Rxa5 Nf4 31. Ra8+ Kg7 32. a4 Ne6 33. a5
Rd2 34. a6 Kf6 35. e5+ Kxe5 36. Kb4 Rb2+ 37. Ka5 Rb3 38. Nd1 Nc5 39. Nc3 Nxa6
40. Re8+ Kf5 41. Ne2 Ra3+ 42. Kb6 c5 43. Re7 Kf6 44. Ra7 Re3 45. Nf4 Nb4 46.
Kxc5 Re5+ 47. Kd6 Rf5 48. Ng2 Rd5+ 49. Kc7 Rd2 50. Nh4 g5 51. Nf3 Rd3 52. Ne1
Rd1 53. Ng2 Rd2 54. Ne1 h5 55. Kb6 g4 56. Kb5 Nd3 57. Rd7 Rb2+ 0-1

[Event "London Classic Open 2016"]
[Site "London ENG"]
[Date "2016.12.14"]
[Round "7.36"]
[White "Batchelor, Peter J"]
[Black "Lyell, Mark"]
[Result "1/2-1/2"]
[WhiteTitle "FM"]
[BlackTitle "FM"]
[WhiteElo "2365"]
[BlackElo "2203"]
[WhiteFideId "424854"]
[BlackFideId "402354"]
[EventDate "2016.12.09"]

1. d4 e6 2. c4 f5 3. g3 Nf6 4. Bg2 c6 5. Nf3 d5 6. O-O Bd6 7. b3 Qe7 8. a4 a5 9.
Ba3 Bxa3 10. Nxa3 O-O 11. Nc2 Nbd7 12. Nce1 b6 13. Nd3 Bb7 14. Rc1 Rfc8 15. e3
Rab8 16. Nfe5 Nxe5 17. Nxe5 Nd7 18. Nxd7 Qxd7 19. Re1 c5 20. dxc5 Rxc5 21. cxd5
Bxd5 22. Qd4 Rbc8 23. Rxc5 Rxc5 24. e4 Bc6 25. Qxd7 Bxd7 26. exf5 exf5 27. Bf1
Kf8 28. f4 Rc3 29. Rb1 Bc6 30. Kf2 Rc2+ 31. Ke3 Rxh2 32. Rc1 Rh6 33. Bd3 Re6+
34. Kd4 Rd6+ 35. Ke3 g6 36. Bc4 Ke7 37. Rb1 Bd5 38. Bd3 Be4 39. Bxe4 Re6 40. Rh1
h5 41. Rc1 Rxe4+ 42. Kf3 Kd7 43. Rc3 Rb4 44. Kg2 h4 45. Rf3 hxg3 46. Kxg3 Ke6
47. Kh4 Kf6 48. Kg3 g5 49. fxg5+ Kxg5 50. Rd3 Kf6 51. Kf3 Ke5 52. Re3+ Kd5 53.
Rd3+ Rd4 54. Rc3 Rh4 55. Kg3 Rh1 56. Kf4 Rf1+ 57. Ke3 f4+ 58. Ke2 Rb1 59. Kd3
Rg1 60. Rc4 Rg3+ 61. Kc2 Ke5 62. b4 axb4 63. Rxb4 Rg6 64. Kd3 Kf5 65. Ke2 Kg4
66. Kf2 Rc6 67. Rb3 Rc2+ 68. Kf1 Rc6 69. Kf2 Rh6 70. Rc3 Rh2+ 71. Kg1 Rb2 72.
Rd3 Rb4 73. Rd6 Kf3 74. Rc6 Ke2 75. Re6+ Kd3 76. Rc6 Kd4 77. Kf2 Kd5 78. Rf6 Ke4
79. Re6+ Kd5 80. Rf6 Ke4 81. Re6+ Kf5 82. Rc6 Ke4 83. Re6+ Kf5 84. Rc6 Kg5 85.
Kf3 Rb3+ 86. Kf2 Kg4 87. Rg6+ Kf5 88. Rc6 Ke5 89. Rc4 Kf5 90. Rc6 Kg5 91. Re6
Kg4 92. Rg6+ Kf5 1/2-1/2

[Event "London Classic Open 2016"]
[Site "London ENG"]
[Date "2016.12.14"]
[Round "7.38"]
[White "Paterek, Michal"]
[Black "Grigoryan, Meri"]
[Result "1-0"]
[WhiteTitle "FM"]
[BlackTitle "WFM"]
[WhiteElo "2311"]
[BlackElo "1972"]
[WhiteFideId "1116142"]
[BlackFideId "13300571"]
[EventDate "2016.12.09"]

1. d4 d5 2. c4 e6 3. Nc3 Nf6 4. cxd5 exd5 5. Bg5 Be7 6. e3 c6 7. Bd3 h6 8. Bf4
Be6 9. h3 Bd6 10. Nge2 Qe7 11. Qc2 O-O 12. g4 Bxf4 13. exf4 c5 14. g5 hxg5 15.
fxg5 Nh5 16. O-O-O Qxg5+ 17. Kb1 c4 18. Bh7+ Kh8 19. f4 Nxf4 20. Nxf4 Qxf4 21.
Rhf1 Qh6 22. Bf5 Nc6 23. Ka1 Rae8 24. Qg2 g6 25. Bg4 Kg8 26. Nxd5 f5 27. Bf3 Rd8
28. Nc7 Nxd4 29. Nxe6 Nxe6 30. Bd5 g5 31. Bxe6+ Kh8 32. Bxc4 Rxd1+ 33. Rxd1 Qg7
34. Qf3 Qh7 35. a3 a6 36. Rg1 b5 1-0

[Event "London Classic Open 2016"]
[Site "London ENG"]
[Date "2016.12.14"]
[Round "7.39"]
[White "Britton, Richard L"]
[Black "Franklin, Samuel G A"]
[Result "0-1"]
[WhiteTitle "FM"]
[BlackTitle "FM"]
[WhiteElo "2139"]
[BlackElo "2310"]
[WhiteFideId "401692"]
[BlackFideId "468576"]
[EventDate "2016.12.09"]

1. c4 Nf6 2. Nc3 g6 3. g3 Bg7 4. Bg2 O-O 5. e4 c5 6. Nge2 Nc6 7. d3 d6 8. O-O
Rb8 9. h3 a6 10. f4 Bd7 11. a4 Ne8 12. Be3 Nd4 13. Rf2 b5 14. cxb5 axb5 15. Bxd4
cxd4 16. Nxb5 Bxb5 17. axb5 Rxb5 18. Nc1 Qb6 19. b3 Nc7 20. Rfa2 e5 21. Rc2 Ne6
22. Qf3 exf4 23. gxf4 Bh6 24. Ne2 Rxb3 25. Ra4 Nc5 26. Rxd4 Ne6 0-1

[Event "London Classic Open 2016"]
[Site "London ENG"]
[Date "2016.12.14"]
[Round "7.40"]
[White "Stewart, Ashley"]
[Black "Gomes, Mary Ann"]
[Result "1/2-1/2"]
[BlackTitle "WGM"]
[WhiteElo "2105"]
[BlackElo "2302"]
[WhiteFideId "419001"]
[BlackFideId "5013623"]
[EventDate "2016.12.09"]

1. c4 c5 2. g3 Nc6 3. Bg2 g6 4. Nc3 Bg7 5. Nf3 d6 6. O-O Nh6 7. d4 cxd4 8. Bxh6
Bxh6 9. Nxd4 Nxd4 10. Qxd4 O-O 11. Rfd1 Bg7 12. Qd2 Qe8 13. Nd5 Qd7 14. Rac1 Rd8
15. b3 Kf8 16. Qe3 Qe6 17. c5 Qxe3 18. Nxe3 Bb2 19. Rc4 Rb8 20. cxd6 Rxd6 21.
Rxd6 exd6 22. Rc7 Bf6 23. Bd5 Be7 24. Kg2 Be6 25. Bf3 Bc8 26. Bg4 Bxg4 27. Nxg4
Bd8 28. Rc2 Ke7 29. e4 Bb6 30. Kf3 a5 31. Ne3 Bxe3 32. Kxe3 Kd7 33. Kd4 b5 34.
a3 Re8 35. f4 f5 36. e5 dxe5+ 37. fxe5 Rd8 38. Ke3 Ke6 39. Rc7 Kxe5 40. Rxh7 Rc8
41. Re7+ Kf6 42. Ra7 Rc3+ 43. Kf2 Rxb3 44. Rxa5 Kg5 45. Ra6 Rb2+ 46. Kg1 Ra2 47.
Rb6 Rb2 48. h3 Rb3 49. Kg2 Kh5 50. Rb8 g5 51. Rh8+ Kg6 52. Rb8 f4 53. gxf4 gxf4
54. Rf8 Kg5 55. Rg8+ Kf5 56. Rf8+ Kg5 57. Rg8+ Kh6 58. Rg4 Rxa3 59. Rxf4 Rb3 60.
h4 Kh5 61. Kf2 b4 62. Ke2 Rb1 63. Kd2 b3 64. Kc3 b2 65. Kc2 Rh1 66. Kxb2 Rxh4
67. Rxh4+ Kxh4 1/2-1/2

[Event "London Classic Open 2016"]
[Site "London ENG"]
[Date "2016.12.14"]
[Round "7.41"]
[White "Mirzoyan, David"]
[Black "Pein, Jonathan"]
[Result "1-0"]
[WhiteTitle "FM"]
[WhiteElo "2299"]
[BlackElo "1971"]
[WhiteFideId "13308386"]
[BlackFideId "417092"]
[EventDate "2016.12.09"]

1. d4 d6 2. c4 Nf6 3. Nf3 g6 4. g3 Bg7 5. Bg2 O-O 6. O-O c6 7. Nc3 Qa5 8. e4 Bg4
9. h3 Bxf3 10. Bxf3 Nfd7 11. Be3 a6 12. Re1 c5 13. e5 Nc6 14. Bxc6 bxc6 15. exd6
exd6 16. dxc5 Bxc3 17. bxc3 Nxc5 18. Qxd6 Ne6 19. Qxc6 Rac8 20. Qb6 Qa4 21. c5
Qc4 22. Qb4 Qb5 23. Qxb5 axb5 24. c4 b4 25. Rab1 Rb8 26. Rb3 Rfc8 27. Reb1 Nxc5
28. Rxb4 Ra8 29. Rb5 Ne6 30. Rc1 Ra6 31. c5 Rac6 32. Kg2 Kf8 33. f4 Ke7 34. Rb7+
Kf6 35. Rb6 Rxb6 36. cxb6 Rxc1 37. Bxc1 Nd8 38. Kf3 Ke6 39. g4 f5 40. Bb2 Nb7
41. Kg3 fxg4 42. Kxg4 Kf7 43. Kg5 Nd8 44. Be5 Nb7 45. Kh6 Kg8 46. Bc7 Nc5 47. h4
Nb7 48. h5 Kf7 49. Be5 gxh5 50. Kxh5 Nc5 51. Kh6 Kg8 52. Bf6 Nb7 53. Bg5 Nd6 54.
Bh4 Nb7 55. f5 Nd6 56. f6 Nb7 57. Kg5 Nd8 58. Kf4 Nb7 59. Kg5 Kf7 60. Kf5 Nc5
61. Bg3 h5 62. Be5 1-0

[Event "London Classic Open 2016"]
[Site "London ENG"]
[Date "2016.12.14"]
[Round "7.42"]
[White "Compton, Alistair"]
[Black "Paszewski, Mateusz"]
[Result "0-1"]
[WhiteElo "2099"]
[BlackElo "2281"]
[WhiteFideId "4300645"]
[BlackFideId "1141058"]
[EventDate "2016.12.09"]

1. e4 c5 2. c3 Nf6 3. e5 Nd5 4. d4 cxd4 5. Qxd4 e6 6. Nf3 Nc6 7. Qe4 d6 8. Bd3
Be7 9. exd6 Qxd6 10. O-O b6 11. Na3 Bb7 12. Nb5 Qd7 13. Qe2 a6 14. Nbd4 Nxd4 15.
Nxd4 O-O 16. Be4 Rfd8 17. Nf3 g6 18. Re1 b5 19. h4 Rac8 20. h5 Bf6 21. hxg6 hxg6
22. Bg5 Qe7 23. Bxf6 Qxf6 24. Rad1 Kg7 25. Rd4 Rh8 26. Qd2 Rh5 27. g3 Rch8 28.
Kg2 g5 29. Bxd5 exd5 30. g4 Rh3 31. Qxg5+ Qxg5 32. Nxg5 Rh2+ 33. Kg3 Kg6 34. Nf3
R8h3+ 35. Kf4 Rxf2 0-1

[Event "London Classic Open 2016"]
[Site "London ENG"]
[Date "2016.12.14"]
[Round "7.43"]
[White "Sun, Xinyue"]
[Black "Buchicchio, Giampaolo"]
[Result "1-0"]
[BlackTitle "FM"]
[WhiteElo "2082"]
[BlackElo "2262"]
[WhiteFideId "8600813"]
[BlackFideId "811491"]
[EventDate "2016.12.09"]

1. e4 e6 2. d4 b6 3. Nc3 Bb7 4. Bf4 d6 5. Nf3 Nd7 6. Bd3 c6 7. a4 Qc7 8. e5 d5
9. Ng5 g6 10. Qf3 Ne7 11. Bg3 Nf5 12. Bxf5 gxf5 13. Qh5 Nb8 14. Nxe6 Qd7 15. Ng5
Qe7 16. Bh4 Nd7 17. e6 O-O-O 18. Qxf7 Nb8 19. Qxf5 Bg7 20. Nf3 Rdf8 21. Bxe7
Rxf5 22. Bh4 Re8 23. O-O Bf6 24. Bg3 Rxe6 25. Rfe1 Rxe1+ 26. Rxe1 Na6 27. Be5
Bd8 28. Ne2 c5 29. Ng3 Rf7 30. c3 Bc6 31. b3 c4 32. bxc4 dxc4 33. Ne4 Rf8 34.
Nd6+ Kd7 35. Nxc4 Bxf3 36. gxf3 Rxf3 37. Re3 Rf7 38. f4 Kc6 39. Nd6 Rd7 40. Nb5
Kd5 41. Rg3 Nc7 42. c4+ Kxc4 43. Bxc7 a6 44. Bxd8 axb5 45. Bxb6 b4 46. Ba5 Rxd4
47. f5 Rf4 48. f6 h5 49. Rh3 h4 50. f7 Kc5 51. Rxh4 1-0

[Event "London Classic Open 2016"]
[Site "London ENG"]
[Date "2016.12.14"]
[Round "7.44"]
[White "O'Toole, George E"]
[Black "Burbidge, Duncan R"]
[Result "1-0"]
[WhiteElo "2262"]
[BlackElo "1918"]
[WhiteFideId "412732"]
[BlackFideId "412198"]
[EventDate "2016.12.09"]

1. e4 e6 2. d4 d5 3. e5 c5 4. c3 Bd7 5. Nf3 a6 6. Be2 cxd4 7. cxd4 Bb5 8. Nc3
Bxe2 9. Nxe2 Bb4+ 10. Kf1 Nc6 11. h4 Nge7 12. Qd3 Qb6 13. h5 Qb5 14. Qxb5 axb5
15. h6 g6 16. Bg5 Ba5 17. Bf6 O-O 18. g4 Rfe8 19. Kg2 Bb6 20. Rhd1 Ra4 21. b3
Ra5 22. Nf4 Bd8 23. Nh3 Nc8 24. Nhg5 Bxf6 25. exf6 Nd6 26. Ne5 Rea8 27. Rac1
R5a6 28. Rd2 Ne8 29. Ngxf7 Nxf6 30. Ng5 Nxe5 31. dxe5 Nxg4 32. Rc7 Nxh6 33. Rd1
Ng4 34. Rxh7 Nxe5 35. Rdh1 Nd3 36. Kg3 b6 37. R1h6 R6a7 38. Rxg6+ 1-0

[Event "London Classic Open 2016"]
[Site "London ENG"]
[Date "2016.12.14"]
[Round "7.46"]
[White "Lochte, Thomas"]
[Black "Stephan, Axel"]
[Result "1-0"]
[WhiteElo "2005"]
[BlackElo "2239"]
[WhiteFideId "4606272"]
[BlackFideId "4632834"]
[EventDate "2016.12.09"]

1. e4 c5 2. d4 cxd4 3. c3 d3 4. Bxd3 Nc6 5. Nf3 d6 6. O-O Bg4 7. h3 Bh5 8. Nbd2
e6 9. Qa4 Qc7 10. Nd4 e5 11. Nxc6 bxc6 12. Nc4 Ne7 13. f4 f6 14. fxe5 dxe5 15.
Be3 Rd8 16. Bc2 Bf7 17. Rad1 Rxd1 18. Rxd1 Nc8 19. Na5 Bd6 20. Qxc6+ Ke7 21.
Rxd6 1-0

[Event "London Classic Open 2016"]
[Site "London ENG"]
[Date "2016.12.14"]
[Round "7.47"]
[White "Bhat, Vishal"]
[Black "Cox, John J"]
[Result "0-1"]
[BlackTitle "IM"]
[WhiteElo "1989"]
[BlackElo "2320"]
[WhiteFideId "3216330"]
[BlackFideId "401064"]
[EventDate "2016.12.09"]

1. e4 e5 2. Nf3 Nc6 3. Bb5 a6 4. Ba4 Nf6 5. O-O Be7 6. Bxc6 dxc6 7. d3 Nd7 8.
Nbd2 c5 9. Nc4 Bd6 10. a4 O-O 11. b3 f6 12. Bb2 Nb8 13. Re1 Nc6 14. Nfd2 Be6 15.
Ne3 Qd7 16. g4 Bf7 17. Kh1 Nd4 18. Rg1 Ne6 19. Qf3 b5 20. h4 Nf4 21. Ng2 Nxg2
22. Rxg2 Be6 23. a5 c4 24. bxc4 bxc4 25. Nxc4 Bxc4 26. dxc4 Rab8 27. Qc3 Qc6 28.
f3 Bb4 29. Qd3 Rfd8 30. Qe3 Qxc4 31. g5 Bc5 32. Qc1 Qe6 33. Kh2 Rd7 34. Ba3 Bxa3
35. Rxa3 f5 36. Rd3 fxe4 37. fxe4 Rf8 38. Rxd7 Qxd7 39. Qd2 Qe8 40. Rf2 Rxf2+
41. Qxf2 Qc6 42. Qe2 Kf8 43. c4 Ke7 44. Qd3 Qc5 45. Kh3 Qxa5 46. h5 Qb6 47. Qc3
Qc5 48. h6 gxh6 49. gxh6 Qd6 50. Qe3 a5 51. c5 Qf6 52. Kg2 Qf4 53. Qd3 a4 54. c6
Qg5+ 55. Kf3 Qf6+ 56. Ke2 Qxc6 57. Qa3+ Kf7 58. Qa2+ Ke7 59. Qa3+ Kd7 60. Kf3
Qc4 0-1

[Event "London Classic Open 2016"]
[Site "London ENG"]
[Date "2016.12.14"]
[Round "7.49"]
[White "Villiers, Thomas"]
[Black "Richardson, John R"]
[Result "0-1"]
[BlackTitle "FM"]
[WhiteElo "2073"]
[BlackElo "2248"]
[WhiteFideId "427209"]
[BlackFideId "401617"]
[EventDate "2016.12.09"]

1. e4 c6 2. c4 d5 3. exd5 cxd5 4. cxd5 Nf6 5. Qa4+ Nbd7 6. Nc3 g6 7. Nf3 Bg7 8.
Bc4 O-O 9. d3 a6 10. Qa3 b6 11. O-O Bb7 12. Re1 b5 13. Bb3 Re8 14. Bf4 Rc8 15.
d6 e6 16. Ne4 a5 17. Rac1 Qb6 18. Be3 Qa6 19. Nc5 Nxc5 20. Bxc5 Nd7 21. Ng5 b4
22. Bxb4 axb4 23. Qxb4 Ne5 24. Bc4 Nxc4 25. d7 Nxb2 26. Rxc8 Rxc8 27. dxc8=Q+
Bxc8 28. Qe7 Qb7 29. Qe8+ Bf8 30. Rb1 Qc7 31. h4 Nxd3 32. Rd1 Ba6 33. Rd2 Kg7
34. Rc2 Qf4 35. g3 Qf5 36. Qa4 Bb5 37. Qd4+ e5 38. Qd5 Bc5 39. Ne4 Bd4 40. Rc7
Nxf2 41. Qxf7+ Qxf7 42. Rxf7+ Kxf7 43. Nd6+ Ke7 44. Nxb5 Ne4+ 45. Kg2 Nc3 46.
Na3 Nxa2 47. h5 gxh5 48. Nc4 Nc3 49. Kh3 Kf6 50. g4 hxg4+ 51. Kxg4 Kg6 52. Na3
h5+ 53. Kg3 Kg5 54. Nc2 h4+ 55. Kg2 Kg4 56. Ne1 e4 57. Nc2 Bc5 58. Ne1 Nd1 59.
Kh2 Ne3 60. Kh1 Bb4 0-1

[Event "London Classic Open 2016"]
[Site "London ENG"]
[Date "2016.12.14"]
[Round "7.50"]
[White "Merriman, John"]
[Black "Mitra, Roman C"]
[Result "1-0"]
[WhiteElo "2243"]
[BlackElo "2083"]
[WhiteFideId "402362"]
[BlackFideId "419540"]
[EventDate "2016.12.09"]

1. d4 d5 2. c4 c6 3. Nc3 Nf6 4. e3 e6 5. Nf3 Nbd7 6. Qc2 Bd6 7. b3 O-O 8. Bb2 b6
9. Be2 Bb7 10. O-O Rc8 11. e4 dxe4 12. Nxe4 Nxe4 13. Qxe4 Re8 14. Rad1 Qc7 15.
Qg4 Be7 16. Bd3 Bf6 17. Ng5 g6 18. h4 Bg7 19. Qf3 f6 20. Nxh7 Kxh7 21. Qh5+ Kg8
22. Bxg6 Re7 23. Qh7+ Kf8 24. Bc1 f5 25. Bh6 Nf6 26. Qh8+ Ng8 27. Bh7 Ke8 28.
Bxg7 Rxg7 29. Bxg8 Rd7 30. Bxe6+ Ke7 31. Qg7+ Kxe6 32. Rfe1+ Kd6 33. Qf6# 1-0